Les 10 bâtiments les plus hauts de Paris - Statistiques

Statistiques générales
  • Ce quiz a été pris 112 fois
  • Le résultat moyen est 2 sur 10
Statistiques - réponses
Hauteur Réponses % Correct
312m Tour Eiffel
97%
210m Tour Montparnasse
86%
160m Palais de justice
10%
180m Tour Duo 1
10%
120m Tour Duo 2
10%
112m Tour Super-Italie
3%
130m Cheminée du Front-de-Seine
2%
137m Hôtel Hyatt Regency Paris Étoile
2%
123m Tour Prélude
2%
116m Hôtel Pullman Paris Montparnasse
1%
Aucun quiz correspondant
Distribution des résultats
% des personnes avec chaque résultat
Percentile par nombre de réponses
Votre historique - résultats
Vous n’avez pas pris ce quiz